| Tag |
First Indicator |
Second Indicator |
Subfields |
| LEADER |
00000cam a2200000 4500 |
| 001 |
in00000727321 |
| 005 |
20151016075846.0 |
| 008 |
690522s1969 nmu b 00100 eng |
| 010 |
|
|
|a 70078551
|
| 035 |
|
|
|a (OCoLC)00006822
|
| 035 |
|
|
|9 ADG2229AM
|
| 040 |
|
|
|a DLC
|c DLC
|d m.c.
|d UtOrBLW
|
| 049 |
|
|
|a TXAM
|c [919301]
|
| 050 |
0 |
0 |
|a KF478
|b .K3
|
| 082 |
0 |
|
|a 340
|
| 100 |
1 |
|
|a Kanowitz, Leo.
|
| 245 |
1 |
0 |
|a Women and the law ;
|b the unfinished revolution.
|
| 250 |
|
|
|a [1st ed.].
|
| 264 |
|
1 |
|a Albuquerque :
|b University of New Mexico Press,
|c [1969]
|
| 300 |
|
|
|a ix, 312 pages ;
|c 23 cm.
|
| 336 |
|
|
|a text
|b txt
|2 rdacontent
|
| 337 |
|
|
|a unmediated
|b n
|2 rdamedia
|
| 338 |
|
|
|a volume
|b nc
|2 rdacarrier
|
| 504 |
|
|
|a Includes bibliographical references.
|
| 650 |
|
0 |
|a Women
|x Legal status, laws, etc.
|z United States.
|
| 999 |
|
|
|a MARS
|
| 999 |
f |
f |
|s 1f92ac68-1a29-3546-b55e-d0828690c6ca
|i cec53783-0871-3774-b715-8b210a74971b
|t 0
|
| 952 |
f |
f |
|p ric
|a Texas A&M University
|b Rellis Campus
|c Joint Library Facility
|d Remote Storage
|t 0
|e KF478 .K3
|h Library of Congress classification
|i unmediated -- volume
|m A14803161488
|
| 998 |
f |
f |
|a KF478 .K3
|t 0
|l Remote Storage
|